Languages in the Junior Eurovision Song Contest - Statistics

General Stats
  • This quiz has been taken 48 times
  • The average score is 28 of 43
Answer Stats
Country
Which
Used
The
Language
In
JESC
Language % Correct
๐Ÿ‡ฌ๐Ÿ‡ง๐Ÿ‡ฒ๐Ÿ‡น ๐Ÿ‡ฉ๐Ÿ‡ฐ ๐Ÿ‡ญ๐Ÿ‡ท ๐Ÿ‡ท๐Ÿ‡ธ ๐Ÿ‡ฒ๐Ÿ‡ฉ ๐Ÿ‡ณ๐Ÿ‡ฑ ๐Ÿ‡ฌ๐Ÿ‡ช ๐Ÿ‡ฆ๐Ÿ‡ฒ ๐Ÿ‡บ๐Ÿ‡ฆ ๐Ÿ‡ท๐Ÿ‡บ ๐Ÿ‡ฎ๐Ÿ‡ฑ ๐Ÿ‡ฆ๐Ÿ‡ฟ ๐Ÿ‡ฎ๐Ÿ‡น ๐Ÿ‡จ๐Ÿ‡พ ๐Ÿ‡ธ๐Ÿ‡ฎ ๐Ÿ‡ธ๐Ÿ‡ช ๐Ÿ‡ฒ๐Ÿ‡ช ๐Ÿ‡ธ๐Ÿ‡ฒ ๐Ÿ‡ง๐Ÿ‡พ ๐Ÿ‡ฆ๐Ÿ‡ฑ ๐Ÿ‡ฆ๐Ÿ‡บ ๐Ÿ‡ฎ๐Ÿ‡น ๐Ÿ‡ฒ๐Ÿ‡ฐ ๐Ÿ‡ฎ๐Ÿ‡ช ๐Ÿ‡ต๐Ÿ‡ฑ ๐Ÿ‡ซ๐Ÿ‡ท ๐Ÿ‡ฐ๐Ÿ‡ฟ ๐Ÿ‡ต๐Ÿ‡น ๐Ÿ‡ฉ๐Ÿ‡ช ๐Ÿ‡ง๐Ÿ‡ฌ ๐Ÿ‡ช๐Ÿ‡ธ ๐Ÿ‡ช๐Ÿ‡ช English
100%
๐Ÿ‡ซ๐Ÿ‡ท๐Ÿ‡ง๐Ÿ‡ช ๐Ÿ‡ท๐Ÿ‡ธ ๐Ÿ‡ฎ๐Ÿ‡ฑ ๐Ÿ‡ฆ๐Ÿ‡ฑ ๐Ÿ‡ฌ๐Ÿ‡ช ๐Ÿ‡ท๐Ÿ‡บ ๐Ÿ‡ฐ๐Ÿ‡ฟ ๐Ÿ‡ฉ๐Ÿ‡ช ๐Ÿ‡ช๐Ÿ‡ธ French
89%
๐Ÿ‡ณ๐Ÿ‡ฑ๐Ÿ‡ง๐Ÿ‡ช Dutch
87%
๐Ÿ‡ท๐Ÿ‡ธ๐Ÿ‡ฆ๐Ÿ‡ฑ ๐Ÿ‡ฉ๐Ÿ‡ช German
87%
๐Ÿ‡ฎ๐Ÿ‡ช Irish
84%
๐Ÿ‡ต๐Ÿ‡น๐Ÿ‡ช๐Ÿ‡ธ Portuguese
84%
๐Ÿ‡ฆ๐Ÿ‡ฒ Armenian
82%
๐Ÿ‡ช๐Ÿ‡ธ๐Ÿ‡ท๐Ÿ‡ธ ๐Ÿ‡ฆ๐Ÿ‡ฑ ๐Ÿ‡ฉ๐Ÿ‡ช Spanish
82%
๐Ÿ‡ฆ๐Ÿ‡ฑ Albanian
79%
๐Ÿ‡จ๐Ÿ‡ญ๐Ÿ‡ท๐Ÿ‡ธ ๐Ÿ‡ธ๐Ÿ‡ฒ ๐Ÿ‡ฎ๐Ÿ‡น ๐Ÿ‡ธ๐Ÿ‡ฎ ๐Ÿ‡ฆ๐Ÿ‡ฑ ๐Ÿ‡ณ๐Ÿ‡ฑ ๐Ÿ‡ช๐Ÿ‡ธ Italian
79%
๐Ÿ‡ฆ๐Ÿ‡ฑ Serbo-Croatian
79%
๐Ÿ‡ช๐Ÿ‡ช Estonian
76%
๐Ÿ‡ฌ๐Ÿ‡ท๐Ÿ‡จ๐Ÿ‡พ Greek
76%
๐Ÿ‡ง๐Ÿ‡พ๐Ÿ‡ท๐Ÿ‡บ ๐Ÿ‡ท๐Ÿ‡ธ ๐Ÿ‡ฎ๐Ÿ‡ฑ Russian
76%
๐Ÿ‡บ๐Ÿ‡ฆ Ukrainian
76%
๐Ÿ‡ฆ๐Ÿ‡ฟ Azerbaijani
74%
๐Ÿ‡ง๐Ÿ‡ฌ Bulgarian
74%
๐Ÿ‡ญ๐Ÿ‡ท Croatian
74%
๐Ÿ‡ฌ๐Ÿ‡ช Georgian
74%
๐Ÿ‡ฑ๐Ÿ‡ป Latvian
74%
๐Ÿ‡ฑ๐Ÿ‡น Lithuanian
74%
๐Ÿ‡ท๐Ÿ‡ธ Serbian
74%
๐Ÿ‡ธ๐Ÿ‡ช Swedish
74%
๐Ÿ‡ฉ๐Ÿ‡ฐ Danish
71%
๐Ÿ‡ต๐Ÿ‡ฑ Polish
71%
๐Ÿ‡ณ๐Ÿ‡ด Norwegian
68%
๐Ÿ‡ธ๐Ÿ‡ฎ Slovene
68%
๐Ÿ‡ง๐Ÿ‡พ Belarusian
66%
๐Ÿ‡ฒ๐Ÿ‡ฐ Macedonian
66%
๐Ÿ‡ท๐Ÿ‡ด๐Ÿ‡ฒ๐Ÿ‡ฉ Romanian
66%
๐Ÿ‡ฐ๐Ÿ‡ฟ Kazakh
63%
๐Ÿ‡ฒ๐Ÿ‡น Maltese
63%
๐Ÿ‡ฎ๐Ÿ‡ฑ Hebrew
58%
๐Ÿด๓ ง๓ ข๓ ท๓ ฌ๓ ณ๓ ฟ Welsh
58%
๐Ÿ‡ฒ๐Ÿ‡ช Montenegrin
53%
๐Ÿ‡ฒ๐Ÿ‡ฉ Moldovan
47%
๐Ÿ‡ง๐Ÿ‡ช Flemish
32%
๐Ÿ‡ท๐Ÿ‡ธ๐Ÿ‡ณ๐Ÿ‡ฑ Japanese
32%
๐Ÿ‡ฆ๐Ÿ‡ฑ Turkish
26%
๐Ÿ‡ฎ๐Ÿ‡ช Latin
18%
๐Ÿ‡ฌ๐Ÿ‡ช Imaginary
13%
๐Ÿ‡ต๐Ÿ‡น Brazilian Portuguese
5%
๐Ÿ‡ฌ๐Ÿ‡ช Constructed language
3%
No matching quizzes found
Score Distribution
Percent of People with Each Score
Percentile by Number Answered
Your Score History
You have not taken this quiz